000 00438nam a2200157Ia 4500
008 210716s2007 xx 000 0 und d
020 _a9780074637371
041 _aeng
082 _a005.758 MILS
100 _aMiller, Stewart.
245 _aSap r/3 certification: exam guide.
_bExam guide.
250 _a1
260 _aNew Delhi
_bTata McGraw Hill Publishing Company Ltd
_c2007
300 _axxix,767
650 _aDatabase Management
999 _c190135
_d190135